| 000 | 01746cam a2200325 a 4500 | ||
|---|---|---|---|
| 001 | 15012215 | ||
| 005 | 20230224091205.0 | ||
| 008 | 070919r20071900pk b 001 0deng | ||
| 010 | _a 2007432766 | ||
| 020 | _a9789693519136 | ||
| 020 | _a9693519132 | ||
| 025 | _aP-E-2007432766 ; 20 | ||
| 040 |
_aDLC _cDLC |
||
| 042 | _alcode | ||
| 043 | _aa-pk--- | ||
| 050 | 0 | 0 |
_aDS392.K49 _bW37 2007 |
| 082 | _a954.9123,WAR | ||
| 100 | 1 |
_aWarburton, Robert, _cSir, _d1842-1899. _95382 |
|
| 245 | 1 | 0 |
_aEighteen years in the Khyber, 1879-1898 / _cRobert Warburton. |
| 246 | 3 | _a18 years in the Khyber, 1879-1898 | |
| 246 | 3 | _aKhyber | |
| 260 |
_aLahore : _bSang-e-Meel Publications, _c2007. |
||
| 300 |
_a294 p. : _b1 folded map ; _c23 cm. |
||
| 505 | _aMy Father (1830-1863) (Page-15), Abyssinia - Punjab 1863 - 1870 (Page-25), Crime in the Panjab (1870) (Page-31), Peshawar (1870 - 1872) (Page-36), Mardan (Page-51), Khyber and Jelallabad (Page-68), Return to the Khyber (Page-93), The duke and duchess of Connaught's and the Amir's S Visits (Page-)113, H. H. Abdur Rahman Khan (Page-128), In the Khyber (Page-134), The Tour of the Khyber Maliks and the black mountain campaign (Page-150), The Shilman route (Page-165), Teh visit of Prince Albert Victor (Page-176), The Caubul river survey (Page-182), Amin Khan rising (Page-198), On leave in India (Page-214), Final year in the Khyber (Page-228), The Khyber debacle (Page-239), Frontier policy (Page-258), The Tribes of the Khyber (Page-280). | ||
| 600 | 1 | 0 |
_aWarburton, Robert, _cSir, _d1842-1899. _95382 |
| 651 | 0 |
_aKhyber (Pakistan) _xHistory. _95383 |
|
| 906 |
_a7 _bcbc _corigode _d3 _encip _f20 _gy-gencatlg |
||
| 942 |
_2ddc _cBK _k954.9123,WAR |
||
| 999 |
_c593427 _d593427 |
||